000 02123cam a2200289 4500500
005 20251228051335.0
041 _afre
042 _adc
100 1 0 _aDucarre, Catherine
_eauthor
245 0 0 _aMettre en jeu les symptômes : l’institution poste-frontière
260 _c2021.
500 _a28
520 _aL’auteure examine en quoi les institutions psychiatriques, du fait qu’elles sont confrontées en permanence à la menace de désorganisation, ont recours à des mécanismes de défense de l’ordre du clivage qui figent la pensée et excluent ceux qui vont à l’encontre de la communauté du déni. À partir de l’exemple des réunions soignants-soignés, l’auteure montre en quoi la conflictualité est au contraire nécessaire au soin psychique. Comment penser l’institution psychiatrique comme un poste-frontière à occupation mixte, c’est-à‑dire comme un lieu qui fait symptôme, un lieu de confrontation et de compromis entre des forces qui s’opposent ?
520 _aThe author examines how psychiatric institutions, because they are permanently confronted with the threat of disorganization, use defence mechanisms such as splitting, that freeze the thinking process and exclude those who go against the shared denial. In contrast, the author draws on the caregivers-patients meetings in order to demonstrate how conflictuality is necessary to psychic care. How can we think of the psychiatric institution as a border crossing with mixed occupation, that is to say as a place which embodies symptoms, a place of confrontation and compromise between opposing forces?
690 _aclivage
690 _aconflictualité
690 _aInstitution psychiatrique
690 _aréunion soignants-soignés
690 _asymptôme
690 _acaregivers-patients meetings
690 _aconflictuality
690 _aPsychiatric institution
690 _asplitting
690 _asymptom
786 0 _nCliniques | 21 | 1 | 2021-04-18 | p. 128-144 | 2115-8177
856 4 1 _uhttps://shs.cairn.info/revue-cliniques-2021-1-page-128?lang=fr&redirect-ssocas=7080
999 _c1581729
_d1581729